Ipswich Town 1981 UEFA Cup Final Team - Statistics

General Stats
  • This quiz has been taken 301 times
  • The average score is 10 of 11
Answer Stats
No. Player % Correct
2 © Mick Mills
96%
1 Paul Cooper
96%
7 John Wark
95%
9 Paul Mariner
95%
6 Terry Butcher
91%
10 Alan Brazil
86%
8 Arnold Mühren
86%
4 Frans Thijssen
86%
5 Russell Osman
86%
11 Eric Gates
84%
3 Steve McCall
66%
No matching quizzes found
Score Distribution
Percent of People with Each Score
Percentile by Number Answered
Your Score History
You have not taken this quiz